| 000 | 00396nam a2200145Ia 4500 | ||
|---|---|---|---|
| 005 | 20251222152010.0 | ||
| 008 | 251222s9999||||xx |||||||||||||| ||spa|| | ||
| 020 | _a9789972234422 | ||
| 082 | _a657.48/S23 | ||
| 100 | _aSánchez Castaños, Leopoldo | ||
| 245 | 0 | _aContabilización de las Finanzas Internacionales y Derivados | |
| 250 | _a1ra. ed. | ||
| 264 | _bPacífico Editores | ||
| 942 | _cLIB | ||
| 999 |
_c24868 _d24868 |
||